| 000 | 01235cam a22003497a 4500 | ||
|---|---|---|---|
| 003 | CHAP | ||
| 005 | 20220817040954.0 | ||
| 008 | 971013s1990 r 00010 d | ||
| 010 | _a3762 | ||
| 011 | _a4734 | ||
| 035 | _a3938 | ||
| 040 | _cCHAP | ||
| 082 |
_a633.10954 _bS3 |
||
| 100 | 0 | 0 |
_aSarma, J. S. _9102642 |
| 245 | 0 |
_aProduction and consumption of foodgrains in India _b: Implications of accelerated economic growth and poverty alleviation |
|
| 260 |
_aWashington, D.C. : _bInternational Food Policy Research Institute, _c1990 |
||
| 300 |
_a115 p. _b; gráfs |
||
| 410 | _aInternational Food Policy Research Institute | ||
| 490 | 0 |
_aResearch report _v; 81 |
|
| 590 |
_aBATCH-UPD _b10 _c20130110 _lUCH01 _h0002 |
||
| 590 |
_aBATCH-UPD _b10 _c20130110 _lUCH01 _h0242 |
||
| 590 |
_aBATCH-UPD _b10 _c20130110 _lUCH01 _h2139 |
||
| 590 |
_aCONVERSION _b10 _c20130109 _lUCH01 _h1303 |
||
| 650 | 1 | 4 |
_aCereales _xConsumo. _921403 |
| 650 | 1 | 4 |
_aCereales _xMercadeo _xIndia. _921441 |
| 700 | 0 |
_aGandhi, Vasant P. _945544 |
|
| 810 | _aInternational Food Policy Research Institute | ||
| 830 | 0 |
_aResearch report _v; 81 _996080 |
|
| 901 | _aBK | ||
| 942 | _cLIBRO | ||
| 949 |
_a633.10954 S3 _bBC _cLIBRO _d33724000190633 _eLIBRO _h79857 _i3938 _mD _si |
||
| 999 |
_c3762 _d3762 |
||